000 00433nmm a2200157Ia 4500
008 251105s9999||||xx |||||||||||||||||und||
020 _a9788498385496
041 _aspa
100 _aMcCleen, Grace
245 0 _aUn mundo soñado
264 _a[Madrid, España] :
_bEdiciones Salamandra,
_c2013
300 _a352 páginas
650 _aEnglish Narrative
856 _uhttps://public.digitaliapublishing.com/a/48273
942 _cCF
999 _c91757
_d91757